[Event "April 9 Early 2024"]
[Site "Chess.com"]
[Date "2024.04.09"]
[Round "3"]
[White "Lemos, Dawton Almino"]
[Black "Hartikainen, Jarmo"]
[Result "1-0"]
[Board "257"]
[WhiteFideId "2146797"]
[BlackFideId "503134"]
[WhiteTitle "FM"]
[BlackTitle "CM"]
[WhiteElo "2393"]
[BlackElo "2163"]
[WhiteTeam "BRA"]
[BlackTeam "FIN"]
[WhiteClock "0:00:22"]
[BlackClock "0:00:00"]
[Variant "Standard"]

1. e4 {[%clk 0:02:55]}  c5 {[%clk 0:02:58]} 2. Nf3 {[%clk 0:02:55]}  Nc6 {[%clk 0:02:58]} 3. Bb5 {[%clk 0:02:55]}  e6 {[%clk 0:02:58]} 4. O-O {[%clk 0:02:54]}  Nge7 {[%clk 0:02:57]} 5. Re1 {[%clk 0:02:53]}  a6 {[%clk 0:02:56]} 6. Bf1 {[%clk 0:02:53]}  d6 {[%clk 0:02:51]} 7. c3 {[%clk 0:02:50]}  b5 {[%clk 0:02:46]} 8. a4 {[%clk 0:02:50]}  Rb8 {[%clk 0:02:37]} 9. d4 {[%clk 0:02:49]}  cxd4 {[%clk 0:02:27]} 10. axb5 {[%clk 0:02:17]}  axb5 {[%clk 0:02:24]} 11. Nxd4 {[%clk 0:01:45]}  Nxd4 {[%clk 0:02:15]} 12. Qxd4 {[%clk 0:01:44]}  Qb6 {[%clk 0:01:58]} 13. Qxb6 {[%clk 0:01:37]}  Rxb6 {[%clk 0:01:58]} 14. Ra8 {[%clk 0:01:34]}  Kd7 {[%clk 0:01:21]} 15. Be3 {[%clk 0:01:21]}  Rb7 {[%clk 0:01:14]} 16. Na3 {[%clk 0:01:20]}  b4 {[%clk 0:01:07]} 17. cxb4 {[%clk 0:00:38]}  g6 {[%clk 0:01:04]} 18. Bb5+ {[%clk 0:00:30]}  Kd8 {[%clk 0:00:37]} 19. Rc1 {[%clk 0:00:22]}  Bg7 {[%clk 0:00:32]} 20. Ba6 {[%clk 0:00:20]}  Kd7 {[%clk 0:00:21]} 21. Bxb7 {[%clk 0:00:18]}  Bxb7 {[%clk 0:00:21]} 22. Rxh8 {[%clk 0:00:17]}  Bxh8 {[%clk 0:00:22]} 23. Nb5 {[%clk 0:00:17]}  Bc6 {[%clk 0:00:15]} 24. Nc3 {[%clk 0:00:17]}  Bxc3 {[%clk 0:00:12]} 25. bxc3 {[%clk 0:00:18]}  d5 {[%clk 0:00:12]} 26. exd5 {[%clk 0:00:18]}  Nxd5 {[%clk 0:00:12]} 27. Bc5 {[%clk 0:00:18]}  e5 {[%clk 0:00:11]} 28. c4 {[%clk 0:00:19]}  Nf4 {[%clk 0:00:11]} 29. Rd1+ {[%clk 0:00:19]}  Kc7 {[%clk 0:00:11]} 30. f3 {[%clk 0:00:20]}  f5 {[%clk 0:00:09]} 31. Ra1 {[%clk 0:00:20]}  Bb7 {[%clk 0:00:08]} 32. Ra7 {[%clk 0:00:19]}  Nd3 {[%clk 0:00:07]} 33. Be3 {[%clk 0:00:18]}  Nxb4 {[%clk 0:00:07]} 34. Ra4 {[%clk 0:00:18]}  Nc6 {[%clk 0:00:07]} 35. Bc5 {[%clk 0:00:18]}  e4 {[%clk 0:00:07]} 36. Ra1 {[%clk 0:00:18]}  Ne5 {[%clk 0:00:06]} 37. fxe4 {[%clk 0:00:17]}  fxe4 {[%clk 0:00:06]} 38. Bf2 {[%clk 0:00:17]}  Nd3 {[%clk 0:00:06]} 39. Bg3+ {[%clk 0:00:18]}  Kc6 {[%clk 0:00:06]} 40. Ra5 {[%clk 0:00:18]}  Bc8 {[%clk 0:00:05]} 41. Kf1 {[%clk 0:00:18]}  Be6 {[%clk 0:00:05]} 42. Ke2 {[%clk 0:00:18]}  Bxc4 {[%clk 0:00:06]} 43. Ke3 {[%clk 0:00:19]}  Nc5 {[%clk 0:00:05]} 44. Ra8 {[%clk 0:00:19]}  Kd5 {[%clk 0:00:04]} 45. Rd8+ {[%clk 0:00:19]}  Kc6 {[%clk 0:00:04]} 46. Rc8+ {[%clk 0:00:19]}  Kb6 {[%clk 0:00:05]} 47. Be5 {[%clk 0:00:19]}  Nd7 {[%clk 0:00:04]} 48. Bd4+ {[%clk 0:00:19]}  Kb7 {[%clk 0:00:04]} 49. Rh8 {[%clk 0:00:19]}  h5 {[%clk 0:00:04]} 50. Rh6 {[%clk 0:00:19]}  Bd3 {[%clk 0:00:04]} 51. Rxg6 {[%clk 0:00:19]}  Kc7 {[%clk 0:00:03]} 52. Rg5 {[%clk 0:00:19]}  Kd6 {[%clk 0:00:03]} 53. Rxh5 {[%clk 0:00:20]}  Bc2 {[%clk 0:00:03]} 54. Rh6+ {[%clk 0:00:20]}  Kd5 {[%clk 0:00:02]} 55. g4 {[%clk 0:00:21]}  Kc4 {[%clk 0:00:03]} 56. g5 {[%clk 0:00:21]}  Nf8 {[%clk 0:00:03]} 57. Rf6 {[%clk 0:00:21]}  Nh7 {[%clk 0:00:03]} 58. Rc6+ {[%clk 0:00:21]}  Kd5 {[%clk 0:00:02]} 59. Rc5+ {[%clk 0:00:21]}  Kd6 {[%clk 0:00:03]} 60. g6 {[%clk 0:00:22]}  Ng5 {[%clk 0:00:02]} 61. Rxg5 {[%clk 0:00:22]}  Bd3 {[%clk 0:00:00]} 62. g7 {[%clk 0:00:22]} 1-0

[Event "April 9 Early 2024"]
[Site "Chess.com"]
[Date "2024.04.09"]
[Round "3"]
[White "Mena, Martin"]
[Black "Labussiere, Yago"]
[Result "0-1"]
[Board "258"]
[WhiteFideId "10651225"]
[BlackFideId "2186969"]
[WhiteTitle "FM"]
[WhiteElo "2147"]
[BlackElo "2392"]
[WhiteTeam "EGY"]
[BlackTeam "BRA"]
[WhiteClock "0:00:02"]
[BlackClock "0:00:03"]
[Variant "Standard"]

1. c4 {[%clk 0:03:00]}  c5 {[%clk 0:02:50]} 2. g3 {[%clk 0:02:58]}  g6 {[%clk 0:02:48]} 3. Bg2 {[%clk 0:02:58]}  Bg7 {[%clk 0:02:49]} 4. Nc3 {[%clk 0:02:58]}  Nc6 {[%clk 0:02:46]} 5. e4 {[%clk 0:02:58]}  e6 {[%clk 0:02:46]} 6. Nge2 {[%clk 0:02:58]}  Nge7 {[%clk 0:02:46]} 7. O-O {[%clk 0:02:59]}  O-O {[%clk 0:02:47]} 8. d3 {[%clk 0:02:59]}  d6 {[%clk 0:02:47]} 9. Be3 {[%clk 0:03:00]}  Nd4 {[%clk 0:02:41]} 10. Qd2 {[%clk 0:03:00]}  Rb8 {[%clk 0:02:37]} 11. Bh6 {[%clk 0:02:56]}  b6 {[%clk 0:02:33]} 12. Bxg7 {[%clk 0:02:53]}  Kxg7 {[%clk 0:02:28]} 13. f4 {[%clk 0:02:51]}  Nec6 {[%clk 0:01:58]} 14. Nxd4 {[%clk 0:02:35]}  Nxd4 {[%clk 0:01:56]} 15. e5 {[%clk 0:01:37]}  f6 {[%clk 0:01:18]} 16. Ne4 {[%clk 0:00:48]}  dxe5 {[%clk 0:01:16]} 17. fxe5 {[%clk 0:00:49]}  f5 {[%clk 0:01:16]} 18. Nd6 {[%clk 0:00:45]}  Bd7 {[%clk 0:01:10]} 19. h4 {[%clk 0:00:34]}  h6 {[%clk 0:00:56]} 20. b4 {[%clk 0:00:15]}  g5 {[%clk 0:00:31]} 21. hxg5 {[%clk 0:00:14]}  hxg5 {[%clk 0:00:30]} 22. bxc5 {[%clk 0:00:12]}  bxc5 {[%clk 0:00:30]} 23. Rab1 {[%clk 0:00:12]}  Kg6 {[%clk 0:00:15]} 24. Rb7 {[%clk 0:00:04]}  Rxb7 {[%clk 0:00:15]} 25. Nxb7 {[%clk 0:00:05]}  Qc7 {[%clk 0:00:10]} 26. Nd6 {[%clk 0:00:05]}  Rb8 {[%clk 0:00:10]} 27. Kf2 {[%clk 0:00:03]}  Qb6 {[%clk 0:00:07]} 28. Rh1 {[%clk 0:00:03]}  Qb2 {[%clk 0:00:07]} 29. Qxb2 {[%clk 0:00:03]}  Rxb2+ {[%clk 0:00:07]} 30. Kf1 {[%clk 0:00:03]}  Rb1+ {[%clk 0:00:06]} 31. Kf2 {[%clk 0:00:03]}  Rxh1 {[%clk 0:00:07]} 32. Bxh1 {[%clk 0:00:03]}  f4 {[%clk 0:00:06]} 33. gxf4 {[%clk 0:00:03]}  gxf4 {[%clk 0:00:07]} 34. Nb7 {[%clk 0:00:03]}  Kf5 {[%clk 0:00:05]} 35. Nxc5 {[%clk 0:00:03]}  Bc8 {[%clk 0:00:05]} 36. a4 {[%clk 0:00:01]}  Kxe5 {[%clk 0:00:04]} 37. a5 {[%clk 0:00:02]}  Nc2 {[%clk 0:00:04]} 38. Nb3 {[%clk 0:00:02]}  Nd4 {[%clk 0:00:04]} 39. Nxd4 {[%clk 0:00:02]}  Kxd4 {[%clk 0:00:05]} 40. Ke2 {[%clk 0:00:03]}  e5 {[%clk 0:00:05]} 41. Bf3 {[%clk 0:00:04]}  Bf5 {[%clk 0:00:05]} 42. Kd2 {[%clk 0:00:04]}  Bxd3 {[%clk 0:00:05]} 43. c5 {[%clk 0:00:05]}  Bb5 {[%clk 0:00:05]} 44. c6 {[%clk 0:00:04]}  Ba6 {[%clk 0:00:05]} 45. c7 {[%clk 0:00:04]}  Bc8 {[%clk 0:00:05]} 46. a6 {[%clk 0:00:04]}  e4 {[%clk 0:00:05]} 47. Bh5 {[%clk 0:00:01]}  e3+ {[%clk 0:00:04]} 48. Ke2 {[%clk 0:00:01]}  Bxa6+ {[%clk 0:00:04]} 49. Ke1 {[%clk 0:00:02]}  Bc8 {[%clk 0:00:04]} 50. Be2 {[%clk 0:00:02]}  a5 {[%clk 0:00:03]} 51. Bb5 {[%clk 0:00:02]}  Kc5 {[%clk 0:00:04]} 52. Ba4 {[%clk 0:00:03]}  Kb6 {[%clk 0:00:04]} 53. Bd7 {[%clk 0:00:02]}  Kxc7 {[%clk 0:00:03]} 0-1

[Event "April 9 Early 2024"]
[Site "Chess.com"]
[Date "2024.04.09"]
[Round "3"]
[White "Kaminski, Victor"]
[Black "Dovzik, Juri"]
[Result "1-0"]
[Board "261"]
[WhiteFideId "1131630"]
[BlackFideId "14100223"]
[BlackTitle "IM"]
[WhiteElo "2380"]
[BlackElo "2136"]
[WhiteTeam "CAN"]
[BlackTeam "UKR"]
[WhiteClock "0:00:18"]
[BlackClock "0:00:00"]
[Variant "Standard"]

1. d4 {[%clk 0:03:00]}  Nf6 {[%clk 0:02:56]} 2. Bf4 {[%clk 0:03:00]}  c5 {[%clk 0:02:55]} 3. e3 {[%clk 0:03:00]}  Qb6 {[%clk 0:02:49]} 4. Nc3 {[%clk 0:02:59]}  a6 {[%clk 0:02:24]} 5. Rb1 {[%clk 0:02:54]}  e6 {[%clk 0:02:19]} 6. Nf3 {[%clk 0:02:47]}  d5 {[%clk 0:02:12]} 7. dxc5 {[%clk 0:02:45]}  Bxc5 {[%clk 0:02:06]} 8. Bd3 {[%clk 0:02:45]}  Bd6 {[%clk 0:01:52]} 9. Bxd6 {[%clk 0:02:28]}  Qxd6 {[%clk 0:01:50]} 10. O-O {[%clk 0:02:26]}  Nc6 {[%clk 0:01:48]} 11. e4 {[%clk 0:01:49]}  d4 {[%clk 0:01:42]} 12. e5 {[%clk 0:01:42]}  Nxe5 {[%clk 0:01:41]} 13. Nxe5 {[%clk 0:01:43]}  Qxe5 {[%clk 0:01:39]} 14. Re1 {[%clk 0:01:43]}  Qd6 {[%clk 0:01:29]} 15. Ne4 {[%clk 0:01:40]}  Nxe4 {[%clk 0:01:21]} 16. Bxe4 {[%clk 0:01:41]}  O-O {[%clk 0:01:18]} 17. Qf3 {[%clk 0:01:30]}  Rb8 {[%clk 0:01:03]} 18. c3 {[%clk 0:01:19]}  f5 {[%clk 0:00:55]} 19. Bc2 {[%clk 0:01:18]}  dxc3 {[%clk 0:00:46]} 20. bxc3 {[%clk 0:01:14]}  Bd7 {[%clk 0:00:31]} 21. Bb3 {[%clk 0:01:05]}  Rf6 {[%clk 0:00:22]} 22. Rbd1 {[%clk 0:01:02]}  Qc7 {[%clk 0:00:20]} 23. Rd2 {[%clk 0:00:27]}  Bc6 {[%clk 0:00:10]} 24. Qe3 {[%clk 0:00:26]}  Re8 {[%clk 0:00:06]} 25. Red1 {[%clk 0:00:24]}  f4 {[%clk 0:00:00]} 26. Qd4 {[%clk 0:00:18]} 1-0

[Event "April 9 Early 2024"]
[Site "Chess.com"]
[Date "2024.04.09"]
[Round "3"]
[White "Hernandez Fernandez, Ramon A."]
[Black "Bongo Akanga Ndjila, Barthelemy"]
[Result "1-0"]
[Board "264"]
[WhiteFideId "3503909"]
[BlackFideId "10609431"]
[WhiteTitle "FM"]
[BlackTitle "CM"]
[WhiteElo "2361"]
[BlackElo "2114"]
[WhiteTeam "CUB"]
[BlackTeam "GAB"]
[WhiteClock "0:00:20"]
[BlackClock "0:00:07"]
[Variant "Standard"]

1. e4 {[%clk 0:03:00]}  e6 {[%clk 0:02:34]} 2. d4 {[%clk 0:03:00]}  d5 {[%clk 0:02:35]} 3. Nd2 {[%clk 0:03:01]}  Be7 {[%clk 0:02:34]} 4. Ngf3 {[%clk 0:02:59]}  Nf6 {[%clk 0:02:34]} 5. Bd3 {[%clk 0:02:59]}  c5 {[%clk 0:02:32]} 6. e5 {[%clk 0:02:55]}  Nfd7 {[%clk 0:02:32]} 7. c3 {[%clk 0:02:56]}  Nc6 {[%clk 0:02:31]} 8. O-O {[%clk 0:02:51]}  cxd4 {[%clk 0:02:29]} 9. cxd4 {[%clk 0:02:51]}  a5 {[%clk 0:02:30]} 10. Re1 {[%clk 0:02:31]}  Qb6 {[%clk 0:02:28]} 11. Nf1 {[%clk 0:02:12]}  Nxd4 {[%clk 0:02:26]} 12. Ng3 {[%clk 0:01:51]}  Nxf3+ {[%clk 0:02:23]} 13. Qxf3 {[%clk 0:01:52]}  Qd8 {[%clk 0:01:52]} 14. Nh5 {[%clk 0:01:33]}  Bf8 {[%clk 0:01:04]} 15. Qg3 {[%clk 0:01:27]}  g6 {[%clk 0:01:01]} 16. Bg5 {[%clk 0:01:25]}  Qb6 {[%clk 0:00:52]} 17. Nf6+ {[%clk 0:01:20]}  Nxf6 {[%clk 0:00:51]} 18. Bxf6 {[%clk 0:01:21]}  Rg8 {[%clk 0:00:50]} 19. Rac1 {[%clk 0:01:19]}  Bg7 {[%clk 0:00:48]} 20. Rc2 {[%clk 0:01:13]}  Bxf6 {[%clk 0:00:45]} 21. exf6 {[%clk 0:01:14]}  Bd7 {[%clk 0:00:44]} 22. Rec1 {[%clk 0:01:06]}  Qd8 {[%clk 0:00:23]} 23. Rc7 {[%clk 0:00:56]}  Qxf6 {[%clk 0:00:21]} 24. Rxd7 {[%clk 0:00:35]}  Kxd7 {[%clk 0:00:18]} 25. Rc7+ {[%clk 0:00:29]}  Ke8 {[%clk 0:00:17]} 26. Qd6 {[%clk 0:00:23]}  Rd8 {[%clk 0:00:16]} 27. Bb5+ {[%clk 0:00:22]}  Rd7 {[%clk 0:00:07]} 28. Rxd7 {[%clk 0:00:20]} 1-0

[Event "April 9 Early 2024"]
[Site "Chess.com"]
[Date "2024.04.10"]
[Round "3"]
[White "Filindash, Nikita"]
[Black "Burmakin, Evgeniy"]
[Result "1-0"]
[Board "265"]
[WhiteFideId "34159983"]
[BlackFideId "4163729"]
[WhiteTitle "CM"]
[BlackTitle "FM"]
[WhiteElo "2113"]
[BlackElo "2361"]
[WhiteTeam "CZE"]
[BlackTeam "RUS"]
[WhiteClock "0:00:02"]
[BlackClock "0:00:00"]
[Variant "Standard"]

1. d4 {[%clk 0:03:00]}  Nf6 {[%clk 0:02:59]} 2. c4 {[%clk 0:02:59]}  g6 {[%clk 0:03:00]} 3. Nc3 {[%clk 0:02:59]}  Bg7 {[%clk 0:03:00]} 4. e4 {[%clk 0:02:59]}  d6 {[%clk 0:03:01]} 5. Nf3 {[%clk 0:02:59]}  O-O {[%clk 0:03:00]} 6. Be2 {[%clk 0:03:00]}  e5 {[%clk 0:02:59]} 7. O-O {[%clk 0:03:00]}  Nc6 {[%clk 0:02:58]} 8. d5 {[%clk 0:03:00]}  Ne7 {[%clk 0:02:58]} 9. b4 {[%clk 0:03:01]}  Ne8 {[%clk 0:02:54]} 10. a4 {[%clk 0:02:43]}  f5 {[%clk 0:02:52]} 11. Ng5 {[%clk 0:02:42]}  h6 {[%clk 0:02:44]} 12. Ne6 {[%clk 0:02:38]}  Bxe6 {[%clk 0:02:43]} 13. dxe6 {[%clk 0:02:39]}  c6 {[%clk 0:02:42]} 14. Ba3 {[%clk 0:02:27]}  Qc8 {[%clk 0:02:38]} 15. c5 {[%clk 0:02:20]}  Qxe6 {[%clk 0:02:31]} 16. b5 {[%clk 0:02:19]}  d5 {[%clk 0:02:28]} 17. exd5 {[%clk 0:02:19]}  cxd5 {[%clk 0:02:21]} 18. c6 {[%clk 0:02:05]}  bxc6 {[%clk 0:02:17]} 19. bxc6 {[%clk 0:02:05]}  d4 {[%clk 0:02:11]} 20. Bxe7 {[%clk 0:02:05]}  Qxe7 {[%clk 0:02:10]} 21. Bc4+ {[%clk 0:02:00]}  Kh7 {[%clk 0:02:05]} 22. Nd5 {[%clk 0:02:00]}  Qc5 {[%clk 0:01:54]} 23. Rc1 {[%clk 0:01:52]}  Qxc6 {[%clk 0:01:53]} 24. Nb4 {[%clk 0:01:46]}  Qd6 {[%clk 0:01:46]} 25. Bd5 {[%clk 0:01:38]}  Rb8 {[%clk 0:01:30]} 26. Nc6 {[%clk 0:01:36]}  Rb6 {[%clk 0:01:28]} 27. a5 {[%clk 0:01:34]}  Ra6 {[%clk 0:01:22]} 28. Qd3 {[%clk 0:01:31]}  Nc7 {[%clk 0:01:21]} 29. Nb4 {[%clk 0:01:17]}  Rxa5 {[%clk 0:01:02]} 30. Bb3 {[%clk 0:00:54]}  Ne6 {[%clk 0:00:40]} 31. Rc6 {[%clk 0:00:50]}  Qxb4 {[%clk 0:00:39]} 32. Bxe6 {[%clk 0:00:46]}  e4 {[%clk 0:00:35]} 33. Qg3 {[%clk 0:00:46]}  Rc5 {[%clk 0:00:31]} 34. Qd6 {[%clk 0:00:40]}  Rxc6 {[%clk 0:00:21]} 35. Qxb4 {[%clk 0:00:32]}  Rxe6 {[%clk 0:00:21]} 36. Qa4 {[%clk 0:00:28]}  a6 {[%clk 0:00:19]} 37. Qc4 {[%clk 0:00:27]}  Rd6 {[%clk 0:00:18]} 38. Qc5 {[%clk 0:00:26]}  Rfd8 {[%clk 0:00:17]} 39. Rb1 {[%clk 0:00:26]}  R8d7 {[%clk 0:00:12]} 40. h3 {[%clk 0:00:17]}  d3 {[%clk 0:00:12]} 41. Qc8 {[%clk 0:00:15]}  d2 {[%clk 0:00:11]} 42. Rd1 {[%clk 0:00:15]}  f4 {[%clk 0:00:09]} 43. Qc2 {[%clk 0:00:13]}  e3 {[%clk 0:00:08]} 44. fxe3 {[%clk 0:00:13]}  fxe3 {[%clk 0:00:09]} 45. Qe4 {[%clk 0:00:13]}  Bd4 {[%clk 0:00:06]} 46. Kh1 {[%clk 0:00:13]}  Rd5 {[%clk 0:00:04]} 47. Qd3 {[%clk 0:00:12]}  Re5 {[%clk 0:00:03]} 48. Qe2 {[%clk 0:00:10]}  Rf7 {[%clk 0:00:03]} 49. Rb1 {[%clk 0:00:08]}  h5 {[%clk 0:00:02]} 50. Qd3 {[%clk 0:00:04]}  e2 {[%clk 0:00:02]} 51. Qxd2 {[%clk 0:00:04]}  Rf1+ {[%clk 0:00:00]} 52. Kh2 {[%clk 0:00:02]} 1-0

[Event "April 9 Early 2024"]
[Site "Chess.com"]
[Date "2024.04.09"]
[Round "3"]
[White "George Samir, David"]
[Black "Feliz Dotel, Dewar Bienvenido"]
[Result "1-0"]
[Board "266"]
[WhiteFideId "10657789"]
[BlackFideId "6402801"]
[WhiteTitle "FM"]
[BlackTitle "CM"]
[WhiteElo "2360"]
[BlackElo "2112"]
[WhiteTeam "EGY"]
[BlackTeam "DOM"]
[WhiteClock "0:00:04"]
[BlackClock "0:00:03"]
[Variant "Standard"]

1. e4 {[%clk 0:02:53]}  c5 {[%clk 0:02:58]} 2. Nf3 {[%clk 0:02:52]}  g6 {[%clk 0:02:58]} 3. d4 {[%clk 0:02:52]}  cxd4 {[%clk 0:02:59]} 4. Qxd4 {[%clk 0:02:52]}  Nf6 {[%clk 0:02:58]} 5. e5 {[%clk 0:02:52]}  Nc6 {[%clk 0:02:57]} 6. Qa4 {[%clk 0:02:52]}  Nd5 {[%clk 0:02:55]} 7. c4 {[%clk 0:02:40]}  Nb6 {[%clk 0:02:45]} 8. Qc2 {[%clk 0:02:38]}  Bg7 {[%clk 0:02:43]} 9. Bf4 {[%clk 0:02:37]}  O-O {[%clk 0:02:35]} 10. Nc3 {[%clk 0:02:36]}  f6 {[%clk 0:02:26]} 11. exf6 {[%clk 0:02:23]}  Rxf6 {[%clk 0:02:25]} 12. Be3 {[%clk 0:02:20]}  d6 {[%clk 0:02:15]} 13. O-O-O {[%clk 0:02:04]}  Bf5 {[%clk 0:02:09]} 14. Bd3 {[%clk 0:02:00]}  Nb4 {[%clk 0:02:07]} 15. Qb3 {[%clk 0:01:57]}  Nxd3+ {[%clk 0:02:05]} 16. Rxd3 {[%clk 0:01:56]}  Bxd3 {[%clk 0:02:05]} 17. c5+ {[%clk 0:01:55]}  Bc4 {[%clk 0:01:56]} 18. Qb4 {[%clk 0:01:48]}  dxc5 {[%clk 0:01:53]} 19. Bxc5 {[%clk 0:01:47]}  Qc7 {[%clk 0:01:24]} 20. Re1 {[%clk 0:01:27]}  e6 {[%clk 0:01:10]} 21. a4 {[%clk 0:01:09]}  Rc8 {[%clk 0:01:04]} 22. Bd6 {[%clk 0:01:03]}  Qf7 {[%clk 0:00:37]} 23. Ne5 {[%clk 0:00:57]}  Nd5 {[%clk 0:00:31]} 24. Nxd5 {[%clk 0:00:14]}  Bxd5+ {[%clk 0:00:30]} 25. Kb1 {[%clk 0:00:14]}  Qe8 {[%clk 0:00:21]} 26. f3 {[%clk 0:00:15]}  Rf5 {[%clk 0:00:15]} 27. g4 {[%clk 0:00:13]}  Rxe5 {[%clk 0:00:07]} 28. Bxe5 {[%clk 0:00:13]}  Bxf3 {[%clk 0:00:05]} 29. Bxg7 {[%clk 0:00:12]}  Kxg7 {[%clk 0:00:06]} 30. Qd4+ {[%clk 0:00:11]}  Kg8 {[%clk 0:00:06]} 31. Qb4 {[%clk 0:00:09]}  Bd5 {[%clk 0:00:06]} 32. Qf4 {[%clk 0:00:07]}  Qf7 {[%clk 0:00:06]} 33. Qe5 {[%clk 0:00:06]}  Rf8 {[%clk 0:00:05]} 34. Qd6 {[%clk 0:00:05]}  Re8 {[%clk 0:00:03]} 35. Rc1 {[%clk 0:00:05]}  Qe7 {[%clk 0:00:04]} 36. Qe5 {[%clk 0:00:05]}  Qd7 {[%clk 0:00:04]} 37. Ka1 {[%clk 0:00:04]}  Qxa4+ {[%clk 0:00:04]} 38. Kb1 {[%clk 0:00:04]}  Qe4+ {[%clk 0:00:04]} 39. Qxe4 {[%clk 0:00:04]}  Bxe4+ {[%clk 0:00:04]} 40. Ka1 {[%clk 0:00:04]}  Re7 {[%clk 0:00:04]} 41. Rc8+ {[%clk 0:00:03]}  Kf7 {[%clk 0:00:04]} 42. Ra8 {[%clk 0:00:04]}  a6 {[%clk 0:00:04]} 43. Rh8 {[%clk 0:00:05]}  Kg7 {[%clk 0:00:02]} 44. Rb8 {[%clk 0:00:06]}  h5 {[%clk 0:00:02]} 45. g5 {[%clk 0:00:07]}  Kf7 {[%clk 0:00:01]} 46. Rh8 {[%clk 0:00:06]}  Kg7 {[%clk 0:00:02]} 47. Rb8 {[%clk 0:00:05]}  Rf7 {[%clk 0:00:02]} 48. Ka2 {[%clk 0:00:04]}  Bd5+ {[%clk 0:00:01]} 49. Ka3 {[%clk 0:00:04]}  Rf5 {[%clk 0:00:02]} 50. h4 {[%clk 0:00:04]}  Rf4 {[%clk 0:00:02]} 51. Rd8 {[%clk 0:00:04]}  Rf3+ {[%clk 0:00:02]} 52. Kb4 {[%clk 0:00:04]}  Rf4+ {[%clk 0:00:02]} 53. Kc5 {[%clk 0:00:04]}  Rxh4 {[%clk 0:00:02]} 54. Rd7+ {[%clk 0:00:04]}  Kf8 {[%clk 0:00:02]} 55. Kd6 {[%clk 0:00:04]}  Ke8 {[%clk 0:00:03]} 56. Re7+ {[%clk 0:00:04]}  Kd8 {[%clk 0:00:03]} 57. Rh7 {[%clk 0:00:03]}  Rg4 {[%clk 0:00:03]} 58. Rh8# {[%clk 0:00:04]} 1-0

[Event "April 9 Early 2024"]
[Site "Chess.com"]
[Date "2024.04.09"]
[Round "3"]
[White "Perez Cruz, Adianet"]
[Black "Jelcic, Marko"]
[Result "0-1"]
[Board "268"]
[WhiteFideId "3510115"]
[BlackFideId "14406489"]
[WhiteTitle "WFM"]
[BlackTitle "CM"]
[WhiteElo "2022"]
[BlackElo "2358"]
[WhiteTeam "CUB"]
[BlackTeam "BIH"]
[WhiteClock "0:00:34"]
[BlackClock "0:00:41"]
[Variant "Standard"]

1. d4 {[%clk 0:03:00]}  Nf6 {[%clk 0:02:59]} 2. Bg5 {[%clk 0:03:00]}  Ne4 {[%clk 0:02:58]} 3. Bf4 {[%clk 0:03:00]}  c5 {[%clk 0:02:54]} 4. f3 {[%clk 0:03:00]}  Qa5+ {[%clk 0:02:48]} 5. c3 {[%clk 0:03:00]}  Nf6 {[%clk 0:02:46]} 6. d5 {[%clk 0:03:00]}  d6 {[%clk 0:02:44]} 7. e4 {[%clk 0:03:00]}  g6 {[%clk 0:02:44]} 8. Na3 {[%clk 0:03:00]}  Bd7 {[%clk 0:02:43]} 9. Nc4 {[%clk 0:03:00]}  Qd8 {[%clk 0:02:42]} 10. a4 {[%clk 0:03:01]}  Bg7 {[%clk 0:02:42]} 11. h4 {[%clk 0:03:00]}  h5 {[%clk 0:02:41]} 12. Nh3 {[%clk 0:03:00]}  O-O {[%clk 0:02:34]} 13. Bd3 {[%clk 0:03:00]}  Na6 {[%clk 0:02:33]} 14. Ng5 {[%clk 0:03:00]}  Nc7 {[%clk 0:02:32]} 15. a5 {[%clk 0:02:55]}  Rb8 {[%clk 0:02:21]} 16. Qe2 {[%clk 0:02:54]}  b5 {[%clk 0:02:21]} 17. axb6 {[%clk 0:02:54]}  axb6 {[%clk 0:02:21]} 18. Ra7 {[%clk 0:02:47]}  b5 {[%clk 0:02:19]} 19. Na5 {[%clk 0:02:40]}  Ncxd5 {[%clk 0:02:04]} 20. Rxd7 {[%clk 0:02:31]}  Qxd7 {[%clk 0:01:39]} 21. exd5 {[%clk 0:02:18]}  Nxd5 {[%clk 0:01:38]} 22. Bd2 {[%clk 0:02:12]}  Qa7 {[%clk 0:01:24]} 23. b4 {[%clk 0:02:09]}  Nxc3 {[%clk 0:01:15]} 24. Bxc3 {[%clk 0:01:58]}  Bxc3+ {[%clk 0:01:14]} 25. Kf1 {[%clk 0:01:59]}  Bxb4 {[%clk 0:01:13]} 26. Nc6 {[%clk 0:01:58]}  Qa1+ {[%clk 0:01:12]} 27. Kf2 {[%clk 0:01:57]}  Qxh1 {[%clk 0:01:08]} 28. Nxb8 {[%clk 0:01:55]}  Qxh4+ {[%clk 0:01:06]} 29. g3 {[%clk 0:01:41]}  Qxg5 {[%clk 0:01:06]} 30. Nc6 {[%clk 0:01:31]}  Bc3 {[%clk 0:00:55]} 31. Bxb5 {[%clk 0:01:28]}  Bd4+ {[%clk 0:00:54]} 32. Kg2 {[%clk 0:01:22]}  e6 {[%clk 0:00:49]} 33. Qd3 {[%clk 0:01:09]}  h4 {[%clk 0:00:46]} 34. g4 {[%clk 0:00:57]}  Qf4 {[%clk 0:00:44]} 35. Ne7+ {[%clk 0:00:42]}  Kg7 {[%clk 0:00:42]} 36. Qe2 {[%clk 0:00:34]}  Qg3+ {[%clk 0:00:41]} 0-1